| 000 | 00411nam a2200145Ia 4500 | ||
|---|---|---|---|
| 001 | 2909 | ||
| 008 | 241024s9999 xx 000 0 und d | ||
| 020 | _a978-9945-445-10-7 | ||
| 082 | _aRD/923.27293/SU939m | ||
| 100 | _aSuazo Ruiz. Sócrate | ||
| 245 | 0 | _aManual para el Ideario de Duarte, ampliado, contextualizado y anotado | |
| 260 |
_bEdita Libros _c2013 |
||
| 901 | _a13/6/2013 3:19:04 p.m. | ||
| 999 |
_c7643 _d7643 |
||